Tắt đèn tác phẩm và lời bình

Salvato in:
Dettagli Bibliografici
Natura: Libro
Lingua:Undetermined
Pubblicazione: Hà Nội Văn Học 2007
Soggetti:
Tags: Aggiungi Tag
Nessun Tag, puoi essere il primo ad aggiungerne! !
Thư viện lưu trữ: Trung tâm Học liệu Trường Đại học Cần Thơ
LEADER 00569nam a2200193Ia 4500
001 CTU_128527
008 210402s9999 xx 000 0 und d
020 |c 32000 
082 |a 895.92209 
082 |b T118 
245 0 |a Tắt đèn tác phẩm và lời bình 
245 0 |c Tuấn Thành, Vũ Nguyễn (tuyển chọn) 
260 |a Hà Nội 
260 |b Văn Học 
260 |c 2007 
650 |a Vietnamese literature 
650 |x History and criticism 
904 |i Tuyến 
980 |a Trung tâm Học liệu Trường Đại học Cần Thơ